000 00655nam a2200205 i 4500
001 68477
003 ES-MaACL
005 20230906170308.0
007 t|
008 960805s1887 sp ||||1| spa d
040 _aCAM
_bspa
_cCAM
100 1 _aGarcía López, Anastasio.
_954839
245 1 3 _aEl indispensable para los bañistas de Ledesma
_b: memoria abreviada ... /
_cpor Anastasio García López.
250 _a6ª ed.
260 _aMadrid :
_b[s.n.],
_c1887 (
_fTip. de los Huérfanos)
300 _a26 p. ;
_c20 cm.
610 2 4 _aBalneario de Ledesma.
_9156664
650 4 _aAguas minerales-
_zLedesma.
_9156665
852 _aES-MaACL
_jT-717-F-1
999 _c68477
_d68477